| 000 | 00415nam a2200145Ia 4500 | ||
|---|---|---|---|
| 008 | 211109s9999||||xx |||||||||||||| ||und|| | ||
| 082 |
_a822.33 _bONI-S |
||
| 100 | _aOnions, C T | ||
| 245 | 0 | _aShakespeare Glossary | |
| 260 |
_bOxford University Press _aLondon _c1923 |
||
| 300 | _a130p. | ||
| 630 | _xPOST GRADUATE REFERENCE | ||
| 650 |
_aEnglish & Old English literatures _vEnglish Drama _xLiterature |
||
| 942 | _cBOOK | ||
| 999 |
_c1910 _d1910 |
||